000 00688nam a2200229 a 4500
001 13733
003 BD-JhCC
005 20240320093958.0
008 240320b 2024b |||| ||a| 000 0 b d
020 _a9789845028806
035 _a(BD-JhCC)13733
040 _aBD-JhCC
_dBD-JhCC
041 _aben
082 _a891.44
_bHIM 2024
100 _a হিমেল, অসীম
245 _aসাত পুরুষে খেদু মিয়া /
_bঅসীম হিমেল
260 _aঢাকা:
_bঅন্যপ্রকাশ;
_c2024.
300 _a207 p. :
_c22 cm.
650 _aঅতিপ্রাকৃত ও ভৌতিক
942 _2ddc
_cBK
999 _c13733
_d13733